000 00355nam a2200133Ia 4500
003 GCL
008 140319s9999 xx 000 0 ara d
040 _aGCL /
_cGCL
082 0 4 _a791.4352
_bف س
245 1 0 _aالسينما والادب
260 _a[S.N] :
_bالهيئة المصرية العامة للكتاب ،
_c1991
300 _a195
490 _a
999 _c30093
_d30093